| 000 | 00444nam a22001577a 4500 | ||
|---|---|---|---|
| 005 | 20251108175529.0 | ||
| 008 | 250721s2004 xx 000 0 eng d | ||
| 082 | 1 | 4 | _aJ/F/CUR |
| 100 | 1 | _acurtis, marci | |
| 245 | 1 | 0 | _abig brother, little brother / |
| 264 | 1 |
_anew york : _bdial books for young readers, _c2004. |
|
| 650 | 1 | 7 | _aFiction |
| 653 | _aأطفال مرحلة متوسطة (6-9) سنوات | ||
| 942 |
_2ddc _cBK |
||
| 999 |
_c136281 _d136281 |
||